Turkey / (Record no. 186192)

000 -LEADER
fixed length control field 00591 a2200193 4500
003 - CONTROL NUMBER IDENTIFIER
control field NUST
005 - DATE AND TIME OF LATEST TRANSACTION
control field 20230126153222.0
010 ## - LIBRARY OF CONGRESS CONTROL NUMBER
LC control number 55007246
040 ## - CATALOGING SOURCE
Transcribing agency Nust
082 ## - DEWEY DECIMAL CLASSIFICATION NUMBER
Classification number 909.561,LEW
100 ## - MAIN ENTRY--PERSONAL NAME
Personal name Lewis, Geoffrey,
9 (RLIN) 107808
245 ## - TITLE STATEMENT
Title Turkey /
Statement of responsibility, etc. G.L. Lewis
260 ## - PUBLICATION, DISTRIBUTION, ETC.
Place of publication, distribution, etc. F.A. Praeger
Name of publisher, distributor, etc. New York
Date of publication, distribution, etc. 1955
300 ## - PHYSICAL DESCRIPTION
Extent 222 p.;
Other physical details [1] folded leaf of plates
Dimensions map
Accompanying material 23 cm
505 ## - FORMATTED CONTENTS NOTE
Formatted contents note Part-1: The-2: Story of the Turkish Republic (Page-17), Part-2: Aspects of Modern Turkey (Page-153).
600 ## - SUBJECT ADDED ENTRY--PERSONAL NAME
Personal name Lewis, Geoffrey,
9 (RLIN) 107808
650 ## - SUBJECT ADDED ENTRY--TOPICAL TERM
Topical term or geographic name entry element Turkey
9 (RLIN) 107809
942 ## - ADDED ENTRY ELEMENTS (KOHA)
Source of classification or shelving scheme
Koha item type Book
Call number prefix 909.561,LEW
Holdings
Withdrawn status Lost status Source of classification or shelving scheme Damaged status Not for loan Permanent Location Current Location Shelving location Date acquired Full call number Barcode Date last seen Price effective from Koha item type Public note
          Military College of Signals (MCS) Military College of Signals (MCS) General Stacks 12/12/2016 909.561,LEW MCS29100 12/08/2016 12/12/2016 Book Almirah No.58, Shelf No.4
© 2023 Central Library, National University of Sciences and Technology. All Rights Reserved.